[Event "Titled Tue 27th May Early"]
[Site "chess.com INT"]
[Date "2025.05.27"]
[Round "11"]
[White "Rustamov, Rustam"]
[Black "Demchenko, Anton"]
[Result "1/2-1/2"]
[WhiteTitle "FM"]
[BlackTitle "GM"]
[WhiteElo "2323"]
[BlackElo "2619"]
[WhiteFideId "13440110"]
[BlackFideId "4160258"]
[EventDate "2025.05.27"]

1. e4 d6 2. d4 Nf6 3. Bd3 e5 4. dxe5 dxe5 5. Nf3 Nbd7 6. O-O Be7 7. Nbd2 c6 8.
b3 Qc7 9. Bb2 b5 10. a4 Rb8 11. axb5 cxb5 12. Ra2 a6 13. Qa1 Bd6 14. Re1 O-O 15.
Nf1 Bb7 16. Ng3 g6 17. h4 Rfe8 18. h5 Bc5 19. Qc1 Ng4 20. Re2 Qb6 21. Nh1 Qf6
22. Qg5 Qxg5 23. Nxg5 Ndf6 24. hxg6 hxg6 25. c4 Rbd8 26. Bc2 b4 27. Ra5 Bb6 28.
Ra1 Kg7 29. Nf3 Nh5 30. g3 f5 31. Rae1 Nhf6 32. Ng5 fxe4 33. Nxe4 Nxe4 34. Bxe4
Bc8 35. Bf3 Kh7 36. Kg2 Rd3 37. Be4 Rxb3 38. Bc1 Nf6 39. Bc2 Rc3 40. Bb2 Bb7+
41. Kg1 Rxc4 42. Bd3 Rcc8 43. Rxe5 Rxe5 44. Rxe5 Re8 45. Rxe8 Nxe8 46. g4 a5 47.
Ng3 a4 48. Ne4 a3 49. Bc1 Bxe4 50. Bxe4 Nd6 51. Bd5 Nb5 52. Bd2 Bc5 53. Kg2 Nd4
54. Be3 Kg7 55. Bxd4+ Bxd4 56. f4 Kf6 57. Kf3 Bc3 58. Bb3 Bd2 59. Ke4 Bc1 60.
Ba2 Kg7 61. g5 Bd2 62. f5 Bxg5 63. fxg6 Kxg6 64. Kd3 Be7 65. Kc2 Kf5 66. Bb3 Ke4
67. Kb1 Kd4 68. Ka2 Kc3 69. Bg8 Bf6 70. Bb3 Kd2 71. Bg8 Bb2 72. Bb3 Bc3 73. Bg8
Ke3 74. Bb3 Ke4 75. Bg8 Kf5 76. Bb3 Kf6 77. Bc2 Kg7 78. Bb3 Kh6 79. Bc2 Kg5 80.
Bb3 Kg4 81. Ba4 Kf3 82. Bb3 Ke3 83. Ba4 Kd3 84. Bb3 Kd4 85. Bc2 Kc4 86. Bb3+ Kc5
87. Bg8 Bd4 88. Bb3 Be5 89. Bg8 Kd4 90. Bb3 Kc3 91. Bg8 Bf4 92. Bb3 Bc1 93. Bg8
Bb2 94. Bb3 Kd4 95. Bg8 Kd3 96. Bb3 Kc3 97. Bg8 Ba1 98. Bb3 Kd2 99. Kxa1 Kc3
100. Ka2 Kd4 101. Bg8 Kc5 102. Kb3 Kb5 103. Bf7 Kc5 104. Bg8 a2 105. Kxa2 Kd4
106. Kb3 Ke5 107. Bh7 Kf6 108. Bb1 Ke7 109. Bc2 Kd6 110. Bb1 Kc5 111. Bc2 Kd4
112. Bd1 Ke3 113. Bh5 Kd2 114. Bf7 Ke1 115. Be8 Kf2 116. Bb5 Kg1 117. Bc4 Kh2
118. Ba6 Kg3 119. Bb7 Kf4 120. Bc8 Ke5 121. Ba6 Kd6 122. Bf1 Kc7 123. Bc4 Kb8
124. Be2 Kc7 125. Bd1 Kd6 126. Kc4 Ke5 127. Bb3 Kf4 128. Kc5 Kg3 129. Kc4 Kh2
130. Ba4 Kg3 131. Kb3 Kf4 132. Bb5 Ke5 133. Bf1 Kd6 134. Be2 Kc7 135. Bf1 Kb8
136. Bg2 Kc7 137. Bh3 Kd6 138. Bg2 Ke5 139. Bf1 Kf4 140. Bg2 Kg3 141. Be4 Kh4
142. Bh1 Kg5 143. Be4 Kf6 144. Bf5 Ke7 145. Be6 Kd6 146. Bd5 Ke5 147. Be4 Kf4
148. Ba8 Ke3 149. Bh1 Kf2 150. Ba8 Kg1 151. Bb7 Kh2 152. Ba8 Kg3 153. Bb7 Kf4
154. Ba8 Kg5 155. Kxb4 1/2-1/2

[Event "Titled Tue 27th May Early"]
[Site "chess.com INT"]
[Date "2025.05.27"]
[Round "11"]
[White "Kakavand, Ramtin"]
[Black "Lissillour, Baptiste"]
[Result "1-0"]
[WhiteTitle "FM"]
[BlackTitle "FM"]
[WhiteElo "2179"]
[BlackElo "2318"]
[WhiteFideId "32790597"]
[BlackFideId "45179620"]
[EventDate "2025.05.27"]

1. Nf3 Nf6 2. g3 d5 3. Bg2 e6 4. O-O Be7 5. d3 O-O 6. Nbd2 Nc6 7. e4 dxe4 8.
dxe4 e5 9. c3 a5 10. a4 b6 11. Re1 Ba6 12. Qc2 Bd3 13. Qb3 Nd7 14. Nc4 Nc5 15.
Qa2 Bf6 16. Nfd2 Qd7 17. Ne3 Rad8 18. h4 g6 19. Bf3 Kh8 20. Kg2 Bg7 21. Qa3 f5
22. b4 axb4 23. cxb4 Nxe4 24. Nxe4 fxe4 25. Bg4 Qf7 26. Ra2 Nd4 27. a5 bxa5 28.
bxa5 Rb8 29. a6 Rb1 30. a7 Ra8 31. Bd2 Rxe1 32. Bxe1 Bf8 33. Qa5 h5 34. Bd1 Bd6
35. Bb4 Bxb4 36. Qxb4 Qg8 37. Ra5 g5 38. Qc5 Nf3 39. Bxf3 exf3+ 40. Kxf3 gxh4
41. Qxe5+ Qg7 42. Qxh5+ Qh7 43. Qxh7+ Kxh7 44. gxh4 Kg7 45. Kf4 Kf6 46. Nd5+ Kg6
47. Nxc7 Rf8+ 48. Kg3 Be4 49. a8=Q Rf3+ 50. Kh2 Rxf2+ 51. Kg1 Rg2+ 52. Kf1 Bxa8
53. Nxa8 Rh2 54. Kg1 Rxh4 55. Nb6 Rg4+ 56. Kf2 Re4 57. Kf3 Re1 58. Nd5 Kf7 59.
Nf4 Rd1 60. Kg4 Kf6 61. Ra6+ Kf7 62. Kf5 Rb1 63. Ra7+ Kf8 64. Nd5 Rf1+ 65. Ke5
Re1+ 66. Kf5 Rf1+ 67. Nf4 Ke8 68. Ke5 Re1+ 69. Kd6 Kf8 70. Nd5 Kg8 71. Rc7 Re2
72. Nf6+ Kf8 73. Kd5 Re1 74. Ne4 Re2 75. Ke5 Ke8 76. Kf5 Kd8 77. Rh7 Re1 78. Nc5
Kc8 79. Ne4 Re2 80. Ke5 Re1 81. Kd5 Kb8 82. Nc5 Kc8 83. Rh8+ Kc7 84. Ne6+ Kb6
85. Rb8+ Ka5 86. Rb2 Rh1 87. Kc6 Ka4 88. Nc5+ Ka3 89. Rb8 Rh5 90. Kb5 Ka2 91.
Kc4 Rh4+ 92. Kc3 Rh3+ 93. Nd3 Rh2 94. Rb6 Rg2 95. Ra6+ Kb1 96. Rh6 Ka2 97. Rb6
Ka1 98. Rb7 Ka2 99. Nc1+ Ka1 100. Nb3+ Ka2 101. Ra7+ Kb1 102. Ra1# 1-0

[Event "Titled Tue 27th May Early"]
[Site "chess.com INT"]
[Date "2025.05.27"]
[Round "11"]
[White "Tsydypov, Zhamsaran"]
[Black "Onyshchuk, Volodymyr"]
[Result "1/2-1/2"]
[WhiteTitle "GM"]
[BlackTitle "GM"]
[WhiteElo "2514"]
[BlackElo "2602"]
[WhiteFideId "4108566"]
[BlackFideId "14114038"]
[EventDate "2025.05.27"]

1. e4 d6 2. d4 g6 3. Nc3 Bg7 4. Nge2 Nf6 5. g3 O-O 6. Bg2 Nc6 7. d5 Ne5 8. O-O
c6 9. h3 cxd5 10. exd5 Bf5 11. b3 Rc8 12. g4 Nexg4 13. hxg4 Nxg4 14. Bb2 e6 15.
Nd4 Qh4 16. Nf3 Qh5 17. Na4 Bxb2 18. Nxb2 Rxc2 19. Nd3 Rc3 20. Nf4 Qh6 21. Nh3
e5 22. Qd2 Rfc8 23. Qxh6 Nxh6 24. Nhg5 Ng4 25. Nd2 Nf6 26. Nc4 Ne8 27. f4 h6 28.
Nf3 Bd3 29. fxe5 Bxf1 30. Rxf1 dxe5 31. Nfxe5 b5 32. Na5 Rc1 33. Nac6 Rxf1+ 34.
Bxf1 Rc7 35. Bxb5 Nd6 36. Bd3 Kg7 37. b4 f5 38. a4 Kf6 39. b5 g5 40. a5 Rb7 41.
b6 axb6 42. a6 Rc7 43. Nf3 b5 44. a7 Rc8 45. Nfd4 Ra8 46. Bxb5 Nc8 47. d6 Nxd6
48. Ba6 f4 49. Nb5 Nxb5 50. Bxb5 Ke6 51. Ba6 Kd6 52. Bb7 Rxa7 53. Nxa7 g4 54.
Nb5+ Kc5 55. Nc3 Kd4 56. Nd1 h5 57. Kf2 h4 58. Bc8 g3+ 59. Kf3 Ke5 60. Bg4 Kd4
61. Bh3 Kd3 62. Nb2+ Kd2 63. Nc4+ Ke1 64. Ne5 Kd2 65. Ng6 Kd3 66. Nxf4+ Kd4 67.
Ng2 Ke5 68. Nxh4 g2 69. Bxg2 Kd4 70. Ke2 Ke5 71. Ke3 Kf6 72. Ke4 Kg5 73. Nf5 Kg4
74. Bf3+ Kg5 75. Ne3 Kh4 76. Kf4 Kh3 77. Nf5 Kh2 78. Kg4 Kg1 79. Kg3 Kf1 80.
Ne3+ Ke1 81. Nc4 Kf1 82. Bg4 Ke1 83. Bf3 Kf1 84. Nb2 Ke1 85. Kf4 Kd2 86. Nc4+
Kc3 87. Ne5 Kd4 88. Be4 Kc5 89. Ke3 Kb4 90. Kd4 Kb3 91. Nc4 Kb4 92. Bc2 Kb5 93.
Nb2 Kb4 94. Nd3+ Kb5 95. Bb3 Kc6 96. Ke5 Kb5 97. Kd5 Kb6 98. Bc4 Ka5 99. Kc5 Ka4
100. Kd4 Ka3 101. Bb5 Kb3 102. Bc4+ Kc2 103. Ba2 Kd2 104. Nc5 Kc2 105. Bd5 Kb2
106. Nd3+ Kb1 107. Kc3 Ka1 108. Nb4 Kb1 109. Nc2 Kc1 110. Ba2 Kd1 111. Nd4 Kc1
112. Ne2+ Kd1 113. Kd3 Ke1 114. Ke3 Kd1 115. Bb3+ Ke1 116. Nf4 Kf1 117. Bc2 Ke1
118. Ng2+ Kf1 119. Kf3 1/2-1/2

[Event "Titled Tue 27th May Early"]
[Site "chess.com INT"]
[Date "2025.05.27"]
[Round "11"]
[White "Bluebaum, Matthias"]
[Black "Timofeev, Artyom"]
[Result "0-1"]
[WhiteTitle "GM"]
[BlackTitle "GM"]
[WhiteElo "2660"]
[BlackElo "2548"]
[WhiteFideId "24651516"]
[BlackFideId "4140419"]
[EventDate "2025.05.27"]

1. d4 e6 2. c4 Bb4+ 3. Nc3 f5 4. Bd2 Nf6 5. e3 O-O 6. Bd3 b6 7. Nge2 Bb7 8. f3
Qe7 9. O-O d6 10. a3 Bxc3 11. Nxc3 Nbd7 12. b4 Rae8 13. Qc2 a6 14. e4 fxe4 15.
fxe4 Rf7 16. Rf3 Ref8 17. Raf1 Ng4 18. Qd1 Qh4 19. h3 Rxf3 20. Rxf3 Rxf3 21.
Qxf3 Ngf6 22. Kh2 Qh5 23. Qxh5 Nxh5 24. g4 Nhf6 25. Kg3 h6 26. h4 Kf7 27. g5
hxg5 28. hxg5 Ng8 29. a4 Ne7 30. d5 Ne5 31. Be2 exd5 32. cxd5 Ke8 33. a5 b5 34.
Nxb5 axb5 35. Bxb5+ Kd8 36. Bf1 Kc8 37. b5 Kb8 38. Bc3 N7g6 39. Be2 Bc8 40. Kf2
Nf4 41. Bf1 Nh3+ 42. Bxh3 Bxh3 43. Kg3 Bd7 44. b6 cxb6 45. axb6 g6 46. Kf4 Nc4
47. Bf6 Kb7 48. Bd8 Nxb6 49. Ke3 Nc4+ 50. Kd4 Ne5 51. Bf6 Nf7 52. Be7 Bg4 53.
Bf6 Kc7 54. Ke3 Kd7 55. Kd4 Bf3 56. Ke3 Bg2 57. Kd4 Kc7 58. Ke3 Kb6 59. Kd4 Kb5
60. Be7 Kb6 61. Bf6 Kb7 62. Be7 Kc8 63. Bf6 Kd7 64. Ke3 Nd8 65. Kd4 Nb7 66. e5
dxe5+ 67. Kxe5 Nc5 68. Kd4 Nb7 69. Be5 Nd6 70. Bf4 Nf7 71. Kc5 Bf3 72. Kd4 Bh1
73. Kc5 Nd8 74. Kd4 Nb7 75. Ke5 Nc5 76. Kd4 Na4 77. Bh2 Nb6 78. d6 Ke6 79. Kc5
Nd7+ 80. Kd4 Bc6 81. Bf4 Bb7 82. Kc4 Kf5 83. Bc1 Ke5 84. Ba3 Ke4 85. Kb5 Bd5 86.
Bb4 Ke5 87. Ba3 Ke6 88. Bb4 Be4 89. Ba3 Kd5 90. Bb4 Bf5 91. Ba3 Ne5 92. Kb4 Kxd6
93. Kc3+ Ke6 94. Kd4 Nf3+ 95. Ke3 Nxg5 96. Bc1 Nf7 97. Kd4 g5 98. Bxg5 Nxg5 99.
Kc5 Ke5 100. Kc4 Be4 101. Kc5 Ne6+ 102. Kc4 Kd6 103. Kb4 Kd5 104. Kc3 Kc5 105.
Kb3 Kd4 106. Kb4 Bd3 107. Kb3 Nc7 108. Kb4 Nd5+ 109. Kb3 Kc5 110. Ka3 Kc4 111.
Kb2 Kb4 112. Ka2 Ne3 113. Kb2 Nc4+ 114. Ka2 Kc3 115. Ka1 Ne3 116. Ka2 Bc4+ 117.
Kb1 Nc2 118. Kc1 Ba2 119. Kd1 Nd4 120. Ke1 Kd3 121. Kf2 Ne2 122. Kf3 Be6 123.
Kf2 Bd5 124. Kf1 Ke3 125. Ke1 Be4 126. Kd1 Bf5 127. Ke1 Bc2 128. Kf1 Nf4 129.
Ke1 Ng2+ 130. Kf1 Kf3 131. Kg1 Kg3 132. Kf1 Bd3+ 133. Kg1 Nf4 134. Kh1 Bc4 135.
Kg1 Nh3+ 136. Kh1 Bd5# 0-1